00494nam a22001577a 450000500170000001000150001702000260003203500140005803700130007208200150008510000260010024500880012626000470021427000530026130000220031420190131115055.0 aENG-124678 c450.00a9789386582348 aEN-108210 bDBAD/PUB a378.125092 aBhattacharya, Parimal aNo path to darjeeling is straight:cby Parimal Bhattacharyabmemories of hill town/ aNew DelhibSpeaking Tiger Publishingc2017 a4381/4,Ansari Road,Daryaganj,bNew Delhie110002 a192p. c21cm (Hb)